000 00613nam a2200229Ia 4500
003 OSt
005 20220928120334.0
006 a|||||r|||| 00| 0
007 ta
008 220927b |||||||| |||| 00| 0 eng d
024 _a38161
037 _cTextual
040 _aSDCL
_cSDCL
_beng
041 _2eng
_aeng
082 _aQ41:22522, L3
100 _aFausboll's V Tr.
_9448779
245 0 _aBuddhist birth-stories.
260 _aVaranasi
_bIndologicall Book House
_c1973
300 _axii,256p.
_ccm.
942 _hQ41:22522, L3
_cTEXL
_2CC
999 _c763307
_d763307